Personality traits (Myers-Briggs personality type indicator introvert extrovert) of the college freshman students with broken family in the University of Rizal System - Tanay / (Record no. 73149)
[ view plain ]
| 000 -LEADER | |
|---|---|
| fixed length control field | 01388nam a22003017i 4500 |
| 003 - CONTROL NUMBER IDENTIFIER | |
| control field | URS |
| 005 - DATE AND TIME OF LATEST TRANSACTION | |
| control field | 20240412231315.0 |
| 008 - FIXED-LENGTH DATA ELEMENTS--GENERAL INFORMATION | |
| fixed length control field | 180108b xxu||||| |||| 00| 0 eng d |
| 050 14 - LIBRARY OF CONGRESS CALL NUMBER | |
| Classification number | BF 698.8.M94 |
| Item number | B2125 2011 |
| 100 1# - MAIN ENTRY--PERSONAL NAME | |
| Personal name | Ballarda, Jacelle S, |
| Relator term | author |
| 245 10 - TITLE STATEMENT | |
| Title | Personality traits (Myers-Briggs personality type indicator introvert extrovert) of the college freshman students with broken family in the University of Rizal System - Tanay / |
| Statement of responsibility, etc. | Jacelle S. Ballarda, Bernadette H. Acleta. |
| 260 #1 - PUBLICATION, DISTRIBUTION, ETC. | |
| Date of publication, distribution, etc. | 2011. |
| 300 ## - PHYSICAL DESCRIPTION | |
| Extent | xiv, 58 leaves ; |
| Other physical details | illustrationS (some colour) : |
| Dimensions | 28 cm |
| 336 ## - CONTENT TYPE | |
| Source | rdacontent |
| Content type term | text |
| 336 ## - CONTENT TYPE | |
| Source | rdacontent |
| Content type term | still image |
| 337 ## - MEDIA TYPE | |
| Source | rdamedia |
| Media type term | unmediated |
| 338 ## - CARRIER TYPE | |
| Source | rdacarrier |
| Carrier type term | volume |
| 502 ## - DISSERTATION NOTE | |
| Dissertation note | Thesis |
| Degree type | Bachelor of Science in Psychology |
| Name of granting institution | University of Rizal System |
| Year degree granted | 2011 |
| 504 ## - BIBLIOGRAPHY, ETC. NOTE | |
| Bibliography, etc. note | Includes bibliographical references. |
| 520 ## - SUMMARY, ETC. | |
| Summary, etc. | This study aimed to determine the personality traits of the college freshman students with broken families in the University of Rizal System - Tanay. |
| 610 24 - SUBJECT ADDED ENTRY--CORPORATE NAME | |
| Corporate name or jurisdiction name as entry element | University of Rizal System |
| Subordinate unit | Tanay Rizal |
| General subdivision | Undergraduates |
| 650 #0 - SUBJECT ADDED ENTRY--TOPICAL TERM | |
| Topical term or geographic name entry element | Myers-Briggs Type Indicator |
| 650 #0 - SUBJECT ADDED ENTRY--TOPICAL TERM | |
| Topical term or geographic name entry element | Broken homes |
| 700 1# - ADDED ENTRY--PERSONAL NAME | |
| Personal name | Acleta, Bernadette H. |
| Relator term | author |
| 700 1# - ADDED ENTRY--PERSONAL NAME | |
| Personal name | Lontoc, Ella J. |
| Relator term | degree supervisor |
| 856 ## - ELECTRONIC LOCATION AND ACCESS | |
| Materials specified | Online Request for Student Unpublished Works |
| Uniform Resource Identifier | <a href="https://forms.gle/7LqvGGkaDrUQqz429">https://forms.gle/7LqvGGkaDrUQqz429</a> |
| 942 ## - ADDED ENTRY ELEMENTS (KOHA) | |
| Source of classification or shelving scheme | Library of Congress Classification |
| Koha item type | Theses and dissertations |
No items available.